Online
Catalog

The investigative journalist : (Record no. 15351)

MARC details
000 -CABECERA
campo de control de longitud fija 00633cam a2200205 a 4500
001 - NÚMERO DE CONTROL
campo de control 000015805
005 - FECHA Y HORA DE LA ÚLTIMA TRANSACCIÓN
campo de control 20260428112120.0
008 - DATOS DE LONGITUD FIJA--INFORMACIÓN GENERAL
campo de control de longitud fija 760430s1976 nju 001 0deng
020 ## - NÚMERO INTERNACIONAL ESTÁNDAR DEL LIBRO
Número Internacional Estándar del Libro 0135023106
040 ## - FUENTE DE LA CATALOGACIÓN
Centro catalogador/agencia de origen DO-SdBNP
Lengua de catalogación eng
Centro/agencia transcriptor LC
Centro/agencia modificador BNPHU
082 ## - NÚMERO DE LA CLASIFICACIÓN DECIMAL DEWEY
Número de clasificación 070.43
Número de documento/Ítem D996i
049 ## - FONDOS LOCALES (OCLC)
Fondos de biblioteca BNGR
100 1# - ENTRADA PRINCIPAL--NOMBRE DE PERSONA
Nombre de persona Dygert, James H.,
Fechas asociadas al nombre 1934-
9 (RLIN) 35563
245 14 - MENCIÓN DE TÍTULO
Título The investigative journalist :
Resto del título folk heroes of a new era /
Mención de responsabilidad, etc. James H. Dygert.
260 ## - PUBLICACIÓN, DISTRIBUCIÓN, ETC.
Lugar de publicación, distribución, etc. Englewood Cliffs, New Jersey :
Nombre del editor, distribuidor, etc. Prentice-Hall,
Fecha de publicación, distribución, etc. 1976.
300 ## - DESCRIPCIÓN FÍSICA
Extensión ix, 282 p. ;
Dimensiones 24 cm.
650 #0 - PUNTO DE ACCESO ADICIONAL DE MATERIA--TÉRMINO DE MATERIA
Término de materia o nombre geográfico como elemento de entrada Reportajes
9 (RLIN) 55
650 #4 - PUNTO DE ACCESO ADICIONAL DE MATERIA--TÉRMINO DE MATERIA
Término de materia o nombre geográfico como elemento de entrada Periodismo
9 (RLIN) 29
910 ## - DATOS DE OPCIÓN DEL USUARIO (OCLC)
Datos de opción del usuario Catalogación por copia / LC
Holdings
Estado de retiro Estado de pérdida Restricciones de uso No para préstamo Código de colección Localización permanente Ubicación/localización actual Ubicación en estantería Fecha de adquisición Número de inventario Total de préstamos Signatura topográfica completa Código de barras Fecha visto por última vez Precio válido a partir de Tipo de ítem Koha
    Préstamo interno   Monografías: Libros y Folletos General General En catalogación 18.02.2010 LF1   070.43 D996i 15805-10 25.06.2020 25.06.2020 Préstamo interno

Powered by Koha